| 000 | 00958cam a22002775a 4500 | ||
|---|---|---|---|
| 001 | 18143723 | ||
| 005 | 20151026123101.0 | ||
| 008 | 140508t2014 stka frb 001 0 eng d | ||
| 010 | _a 2013481675 | ||
| 020 | _a9780748643486 | ||
| 040 |
_aUKMGB _beng _cUKMGB _dOCLCO _dBDX _dCDX _dYDXCP _dOCLCO _dEUX _dLTSCA _dZCU _dDLC _dEG-ScBUE |
||
| 082 | 0 | 4 |
_a321.8 _bDEL _222 |
| 245 | 0 | 0 |
_aDeliberative democracy : _bissues and cases / _cedited by Stephen Elstub and Peter McLaverty. |
| 260 |
_aEdinburgh : _bEdinburgh University Press, _cc.2014. |
||
| 300 |
_axi, 227 p. : _bill. ; _c24 cm. |
||
| 500 | _aIndex : p. 221-227. | ||
| 504 | _aBibliography : p. 196-220. | ||
| 650 | 0 |
_aDeliberative democracy. _2BUEsh |
|
| 650 | 0 |
_aRepresentative government and representation. _2BUEsh |
|
| 651 | _2BUEsh | ||
| 653 |
_bBUSBOL _cOctober2015 |
||
| 655 |
_vReading book _934232 |
||
| 700 | 1 |
_aElstub, Stephen, _eeditor. |
|
| 700 | 1 |
_aMclaverty, Peter, _eeditor. |
|
| 942 | _2ddc | ||
| 999 |
_c20984 _d20956 |
||